[Event "VII Festival Magistrale"]
[Site "Marostica ITA"]
[Date "1997.09.??"]
[Round "4"]
[White "Quinn, Mark Peter"]
[Black "Gallo, Enrico"]
[Result "0-1"]
[WhiteElo "2375"]
[BlackElo "2225"]
[PlyCount "112"]
[EventDate "1997.09.07"]

1. d4 Nf6 2. Nf3 c5 3. d5 d6 4. Nc3 g6 5. e4 Bg7 6. h3 O-O 7. Bf4 a6 8. a4 Nbd7
9. Be2 Rb8 10. Nd2 Ne8 11. O-O b6 12. Nc4 Bb7 13. Qd2 Ne5 14. Na3 Nc7 15. Be3
Ba8 16. g4 e6 17. f4 Qh4 18. Kh2 exd5 19. Nxd5 Nxd5 20. exd5 Nd7 21. g5 Bd4 22.
Bxd4 cxd4 23. Qxd4 Rfe8 24. Qf2 Qxf2+ 25. Rxf2 Nc5 26. Bf3 Ne4 27. Bxe4 Rxe4
28. c4 Rbe8 29. Rd1 Bb7 30. Rd3 Bc8 31. Rb3 Re3 32. Rf3 Rxf3 33. Rxf3 Re2+ 34.
Kg3 Rxb2 35. Re3 Bd7 36. c5 dxc5 37. Nc4 Rb4 38. Ne5 Bxa4 39. Rd3 Rd4 40. Ra3
Bb5 41. Nc6 Bxc6 42. dxc6 Rd6 43. c7 Rc6 44. Rxa6 Rxc7 45. Rxb6 c4 46. Rb2 c3
47. Rc2 Kf8 48. f5 gxf5 49. Kf4 Rc5 50. Ke3 Ke7 51. Kd4 Kd6 52. h4 f4 53. Ke4
Rc4+ 54. Kd3 Kd5 55. h5 Rc6 56. h6 Ke5 0-1

[Event "VII Festival Magistrale"]
[Site "Marostica ITA"]
[Date "1997.09.??"]
[Round "4"]
[White "Torelli, Mirco"]
[Black "Ricca, Roberto"]
[Result "0-1"]
[WhiteElo "1947"]
[BlackElo "2145"]
[PlyCount "81"]
[EventDate "1997.09.07"]

1. d4 f5 2. c4 Nf6 3. Nf3 g6 4. g3 Bg7 5. Bg2 d6 6. Nc3 O-O 7. O-O Qe8 8. Re1
Qf7 9. Qd3 h6 10. b3 Nc6 11. Ba3 Re8 12. Rad1 e5 13. dxe5 dxe5 14. e4 fxe4 15.
Nxe4 Nxe4 16. Qxe4 Bf5 17. Qd5 Be6 18. Qb5 Bg4 19. Qd5 Qxd5 20. Rxd5 Nd4 21.
Nxd4 exd4 22. Be4 Bf3 23. Bxf3 Rxe1+ 24. Kg2 Ree8 25. Rd7 Rad8 26. Bd5+ Kh8 27.
Rxc7 d3 28. Bb4 Re2 29. Rxb7 Bd4 30. Kf1 Rde8 31. Rf7 d2 32. Bxd2 Rxd2 33. a4
Bc5 34. Rf6 Rf8 35. Rxf8+ Bxf8 36. Ke1 Bb4 37. Kf1 Bc5 38. h4 Rxf2+ 39. Ke1 Rb2
40. g4 Rxb3 41. h5 0-1

[Event "VII Festival Magistrale"]
[Site "Marostica ITA"]
[Date "1997.09.??"]
[Round "4"]
[White "Ventura, Boris"]
[Black "Di Lazzaro, Gabriele"]
[Result "1-0"]
[WhiteElo "2125"]
[BlackElo "2030"]
[PlyCount "45"]
[EventDate "1997.09.07"]

1. e4 g6 2. d4 Bg7 3. c3 d5 4. e5 f6 5. f4 Nh6 6. Nf3 Bg4 7. Qb3 b6 8. c4 e6 9.
cxd5 exd5 10. Be2 O-O 11. O-O fxe5 12. fxe5 Nc6 13. Bg5 Na5 14. Qe3 Nf5 15. Qf4
Nh6 16. Qc1 Qd7 17. Bxh6 Bxf3 18. Bxf3 Qa4 19. Bxd5+ Kh8 20. Bxg7+ Kxg7 21.
Bxa8 Qxd4+ 22. Kh1 Qxb2 23. Nd2 1-0

[Event "VII Festival Magistrale"]
[Site "Marostica ITA"]
[Date "1997.09.??"]
[Round "5"]
[White "Carli, Carlo"]
[Black "Ciolac, Gheorghe"]
[Result "0-1"]
[WhiteElo "2003"]
[BlackElo "2385"]
[PlyCount "64"]
[EventDate "1997.09.07"]

1. e4 e5 2. Nf3 Nc6 3. Bc4 Nf6 4. Ng5 d5 5. exd5 Nd4 6. Nc3 h6 7. Nf3 Bf5 8.
O-O Nxc2 9. Nxe5 Bd6 10. Qf3 Bh7 11. d4 Nxa1 12. Bb5+ Kf8 13. Bd3 Nc2 14. Bxh7
Rxh7 15. Qd3 Nxd4 16. Qxd4 Bxe5 17. Qxe5 Qd6 18. Qf5 Re8 19. Bf4 Qd8 20. Rd1 g6
21. Qd3 Nh5 22. Be3 f5 23. g4 Ng7 24. Bc5+ Kg8 25. d6 cxd6 26. Bxd6 Ne6 27. Nd5
Rd7 28. Be5 Nc5 29. Qd4 Kf7 30. f4 Qh4 31. Rc1 Qxg4+ 32. Kf2 Rxe5 0-1

[Event "VII Festival Magistrale"]
[Site "Marostica ITA"]
[Date "1997.09.??"]
[Round "5"]
[White "Caruso, Augusto"]
[Black "Danieli, Enrico"]
[Result "1-0"]
[WhiteElo "2265"]
[BlackElo "1963"]
[PlyCount "59"]
[EventDate "1997.09.07"]

1. e4 d6 2. d4 Nf6 3. Nc3 g6 4. Be3 c6 5. a4 Bg7 6. h3 O-O 7. Nf3 Nbd7 8. e5
Ne8 9. Qd2 dxe5 10. dxe5 Qa5 11. e6 fxe6 12. Bc4 Ndf6 13. O-O Nd6 14. Bb3 Nf5
15. Rad1 Nd5 16. Nxd5 Qxd2 17. Nxe7+ Nxe7 18. Nxd2 Bxb2 19. Bc5 Bf6 20. Ne4 Kg7
21. g4 Re8 22. Nd6 Rf8 23. Nxc8 Raxc8 24. Rd7 Rfe8 25. Rxb7 Kh6 26. f4 g5 27.
fxg5+ Kxg5 28. Bxe6 Nd5 29. Rf5+ Kh4 30. Rh5+ 1-0

[Event "VII Festival Magistrale"]
[Site "Marostica ITA"]
[Date "1997.09.??"]
[Round "5"]
[White "Contin, Daniel"]
[Black "Everet, Alexandro"]
[Result "1/2-1/2"]
[WhiteElo "2325"]
[BlackElo "2225"]
[PlyCount "109"]
[EventDate "1997.09.07"]

1. c4 e5 2. Nc3 Nf6 3. Nf3 d6 4. g3 Be7 5. Bg2 O-O 6. O-O c6 7. Qc2 Be6 8. b3
h6 9. d4 Qc7 10. h3 Na6 11. e4 Nh7 12. Be3 f5 13. exf5 Bxf5 14. Qe2 Bf6 15.
Rad1 Qa5 16. dxe5 dxe5 17. Bd2 Rad8 18. Nd5 Qxa2 19. Nxf6+ Rxf6 20. Qxe5 c5 21.
Bxh6 Rxd1 22. Rxd1 gxh6 23. Rd8+ Kg7 24. g4 Be6 25. Rd6 Nc7 26. Nd2 Ng5 27. Rd3
Ne8 28. f4 Nf7 29. Qc3 Kf8 30. f5 Bc8 31. Re3 Rd6 32. Bd5 Nf6 33. Rd3 Qa6 34.
Nf3 Qb6 35. Ne5 Nxd5 36. cxd5 c4+ 37. Re3 Qxb3 38. Ng6+ Rxg6 39. fxg6 Qxc3 40.
Rxc3 Ne5 41. Kf2 b5 42. Ra3 a6 43. Ke3 Kg7 44. Kd4 Nd3 45. d6 Kxg6 46. Rxa6 Kf7
47. Ra8 Bd7 48. Rh8 Nf4 49. Rh7+ Ke8 50. Rh8+ Kf7 51. Rh7+ Ke8 52. Rxh6 Ne6+
53. Kc3 Ng5 54. h4 Nf7 55. Rg6 1/2-1/2

[Event "VII Festival Magistrale"]
[Site "Marostica ITA"]
[Date "1997.09.??"]
[Round "5"]
[White "De Bortoli, Peter"]
[Black "Alberton, Roberto"]
[Result "1-0"]
[WhiteElo "2085"]
[BlackElo "2190"]
[PlyCount "59"]
[EventDate "1997.09.07"]

1. e4 c5 2. Nf3 d6 3. d4 cxd4 4. Nxd4 Nf6 5. Nc3 a6 6. Bc4 e6 7. O-O Be7 8. f4
Qc7 9. Bb3 O-O 10. Kh1 Bd7 11. f5 e5 12. Nde2 Bc6 13. Ng3 b5 14. Bg5 Nbd7 15.
Bxf6 Nxf6 16. Nh5 b4 17. Nd5 Bxd5 18. Nxf6+ Bxf6 19. Bxd5 Rab8 20. Rf2 Qc5 21.
Rd2 Bg5 22. Rd3 Qf2 23. Bb3 Be3 24. Rxd6 Bd4 25. Qd3 Bxb2 26. Rf1 Qh4 27. f6
Bd4 28. fxg7 Kxg7 29. Rd7 Bf2 30. Qf3 1-0

[Event "VII Festival Magistrale"]
[Site "Marostica ITA"]
[Date "1997.09.??"]
[Round "5"]
[White "Di Lazzaro, Gabriele"]
[Black "Torelli, Mirco"]
[Result "1/2-1/2"]
[WhiteElo "2030"]
[BlackElo "1947"]
[PlyCount "98"]
[EventDate "1997.09.07"]

1. Nf3 Nf6 2. g3 g6 3. b3 Bg7 4. Bb2 O-O 5. Bg2 d5 6. c4 e6 7. O-O c5 8. cxd5
exd5 9. Qc2 Na6 10. d4 Bf5 11. Qd1 Rc8 12. Nh4 Be6 13. dxc5 Nxc5 14. Bd4 Qa5
15. Nc3 Nce4 16. Na4 b5 17. Nb2 Nc3 18. Qe1 b4 19. Nd3 Rfe8 20. a3 Bg4 21. axb4
Qb5 22. Ra5 Nxe2+ 23. Qxe2 Bxe2 24. Rxb5 Bxd3 25. Ra5 Bxf1 26. Bxf1 Rb8 27. b5
Nd7 28. Bxa7 Rb7 29. Be3 d4 30. Bd2 Nc5 31. Bc4 Ne4 32. Bb4 Nc3 33. Nf3 Rd8 34.
Ne1 h6 35. Nd3 Nd5 36. Bc5 Nb6 37. Kf1 Bf8 38. Ke2 Kg7 39. Bxb6 Rxb6 40. Ra7
Re8+ 41. Kd2 Re7 42. Ra8 Reb7 43. Nc1 Bb4+ 44. Kd3 Be1 45. f3 Rxb5 46. Bxb5
Rxb5 47. Kxd4 Bd2 48. Kc4 Rb4+ 49. Kc5 Rb7 1/2-1/2

[Event "VII Festival Magistrale"]
[Site "Marostica ITA"]
[Date "1997.09.??"]
[Round "5"]
[White "Drei, Andrea"]
[Black "Godena, Michele"]
[Result "1/2-1/2"]
[WhiteElo "2345"]
[BlackElo "2515"]
[PlyCount "39"]
[EventDate "1997.09.07"]

1. e4 e5 2. Nf3 Nc6 3. Bb5 Nf6 4. O-O Bc5 5. c3 O-O 6. d4 Bb6 7. Bg5 h6 8. Bh4
d6 9. a4 a5 10. Bxc6 bxc6 11. Nbd2 exd4 12. Nxd4 g5 13. Bg3 Bg4 14. f3 Bd7 15.
Nc4 Bc5 16. Qd2 Nh5 17. Bf2 Qf6 18. Ne2 Bxf2+ 19. Rxf2 Rfe8 20. Rd1 1/2-1/2

[Event "VII Festival Magistrale"]
[Site "Marostica ITA"]
[Date "1997.09.??"]
[Round "5"]
[White "Gallo, Enrico"]
[Black "Mrdja, Milan"]
[Result "0-1"]
[WhiteElo "2225"]
[BlackElo "2390"]
[PlyCount "67"]
[EventDate "1997.09.07"]

1. e4 c5 2. Nf3 d6 3. d4 cxd4 4. Nxd4 Nf6 5. Nc3 a6 6. Bc4 e6 7. Bb3 Nbd7 8.
Be3 Nc5 9. O-O Be7 10. f4 O-O 11. Qf3 Qc7 12. g4 b5 13. e5 Nxb3 14. axb3 dxe5
15. Ndxb5 Qb8 16. fxe5 Nd7 17. Nd4 Bb7 18. Nc6 Bxc6 19. Qxc6 Nxe5 20. Qe4 Nd7
21. Rad1 Nf6 22. Qf3 Qc7 23. Rd2 Bc5 24. g5 Ng4 25. Bxc5 Qxc5+ 26. Kh1 Qxg5 27.
Ne4 Qh4 28. Rg2 f5 29. Nc5 Qe7 30. Qc6 Rfe8 31. Re1 e5 32. b4 Kh8 33. Nxa6 Qh4
34. Qc3 0-1

[Event "VII Festival Magistrale"]
[Site "Marostica ITA"]
[Date "1997.09.??"]
[Round "5"]
[White "Guido, Flavio"]
[Black "Cacco, Christian"]
[Result "1-0"]
[WhiteElo "2335"]
[BlackElo "2175"]
[PlyCount "51"]
[EventDate "1997.09.07"]

1. e4 e6 2. d4 d5 3. e5 c5 4. c3 Nc6 5. Nf3 Qb6 6. Be2 Bd7 7. O-O Rc8 8. Na3
cxd4 9. cxd4 a6 10. Nc2 Nge7 11. Bd3 h6 12. Bd2 g6 13. b4 Nf5 14. g4 Ng7 15. a4
Be7 16. Qe2 h5 17. h3 O-O 18. Rab1 Na7 19. b5 a5 20. Qe1 Bd8 21. Qe3 hxg4 22.
hxg4 f5 23. exf6 Rxf6 24. Ne5 Be8 25. Kg2 g5 26. Rh1 1-0

[Event "VII Festival Magistrale"]
[Site "Marostica ITA"]
[Date "1997.09.??"]
[Round "5"]
[White "Lazarev, Vladimir"]
[Black "Borgo, Giulio"]
[Result "1/2-1/2"]
[WhiteElo "2500"]
[BlackElo "2370"]
[PlyCount "79"]
[EventDate "1997.09.07"]

1. d4 Nf6 2. c4 e6 3. Nc3 d5 4. cxd5 exd5 5. Bg5 c6 6. e3 Nbd7 7. Bd3 Be7 8.
Qc2 Nb6 9. h3 Nh5 10. Bxe7 Qxe7 11. O-O-O g6 12. Nf3 Be6 13. Kb1 O-O-O 14. Ne5
Kb8 15. g4 Ng7 16. Ne2 f6 17. Nf3 f5 18. Rdg1 Rdf8 19. Nf4 Bd7 20. Ne5 Be8 21.
h4 Nd7 22. Qc3 Nxe5 23. dxe5 fxg4 24. Rxg4 Bd7 25. Rg5 Bf5 26. Rhg1 Bxd3+ 27.
Qxd3 d4 28. h5 dxe3 29. Qxe3 Qf7 30. hxg6 Qxf4 31. Qxf4 Rxf4 32. gxh7 Rxh7 33.
Rxg7 Rxg7 34. Rxg7 Rxf2 35. e6 Rf8 36. Kc2 Re8 37. Rg6 Kc7 38. Rg7+ Kb6 39. Rg6
Kc5 40. Rg7 1/2-1/2

[Event "VII Festival Magistrale"]
[Site "Marostica ITA"]
[Date "1997.09.??"]
[Round "5"]
[White "Micheli, Carlo"]
[Black "Nurkic, Sahbaz"]
[Result "0-1"]
[WhiteElo "2295"]
[BlackElo "2430"]
[PlyCount "74"]
[EventDate "1997.09.07"]

1. e4 g6 2. d4 Bg7 3. Nf3 c6 4. Nc3 Nf6 5. Bd3 d6 6. h3 O-O 7. O-O Qc7 8. Bf4
Nh5 9. Bh2 e5 10. Ne2 Nd7 11. c3 Kh8 12. Re1 h6 13. g4 Nhf6 14. Ng3 Re8 15. Nf1
Nf8 16. Ne3 N6d7 17. Bc2 Ne6 18. dxe5 dxe5 19. Nc4 b5 20. Nd6 Re7 21. a4 bxa4
22. Bxa4 Rb8 23. b4 Nf4 24. Bxf4 exf4 25. Qd2 Ne5 26. Nxe5 Bxe5 27. Nc4 Bg7 28.
e5 c5 29. bxc5 Be6 30. Qd4 Bxc4 31. Qxc4 Bxe5 32. Re4 Rb2 33. Rae1 f3 34. Kf1
Bf6 35. Kg1 Rxe4 36. Qxe4 Bh4 37. Rf1 Bxf2+ 0-1

[Event "VII Festival Magistrale"]
[Site "Marostica ITA"]
[Date "1997.09.??"]
[Round "5"]
[White "Naumkin, Igor"]
[Black "Passerotti, Pierluigi"]
[Result "1-0"]
[WhiteElo "2410"]
[BlackElo "2310"]
[PlyCount "75"]
[EventDate "1997.09.07"]

1. d4 f5 2. Nf3 Nf6 3. Bg5 Ne4 4. Bf4 d6 5. e3 Nd7 6. h3 Ndf6 7. Bd3 g6 8. c3
Be6 9. Nbd2 Nxd2 10. Nxd2 Bg7 11. e4 fxe4 12. Nxe4 Nxe4 13. Bxe4 Qd7 14. O-O
O-O 15. Bg3 c6 16. Re1 Rf7 17. Qe2 Bf5 18. Bxf5 Qxf5 19. Rad1 a6 20. Rd3 Qd5
21. a3 b5 22. Re3 Bf6 23. Re4 Rd8 24. Qg4 Qf5 25. Qd1 Qd5 26. Qe2 Rd7 27. Bh4
Bxh4 28. Rxh4 Rd8 29. Re4 Re8 30. Re6 Kh8 31. Qe3 Kg7 32. Qg3 Kf8 33. Qh4 a5
34. Rxg6 Rd8 35. Rg5 Qb3 36. d5 Ke8 37. Rg8+ Kd7 38. Qg4+ 1-0

[Event "VII Festival Magistrale"]
[Site "Marostica ITA"]
[Date "1997.09.??"]
[Round "5"]
[White "Pegoraro, Nicola"]
[Black "De Vita, Gianni"]
[Result "1-0"]
[WhiteElo "2115"]
[BlackElo "2155"]
[PlyCount "99"]
[EventDate "1997.09.07"]

1. e4 c5 2. Nf3 Nc6 3. d4 cxd4 4. Nxd4 e5 5. Nb5 d6 6. N1c3 a6 7. Na3 b5 8. Nd5
Nf6 9. Bg5 Be7 10. Bxf6 Bxf6 11. c3 O-O 12. Nc2 Bg5 13. Bd3 Be6 14. Nce3 Bxe3
15. Nxe3 Na5 16. O-O Nc4 17. Bxc4 bxc4 18. Qa4 Qb6 19. Nxc4 Bxc4 20. Qxc4 Qxb2
21. Rab1 Qa3 22. Qb4 Qxa2 23. Qxd6 Rfe8 24. Qd5 Qa4 25. Rb7 Re6 26. Rxf7 Qc6
27. Rd7 Qxd5 28. exd5 Rb6 29. Rc7 Rd8 30. c4 Rbd6 31. Ra1 Kf8 32. Kf1 Rb8 33.
Ra2 h5 34. Ke2 Rb3 35. f3 g5 36. Rd2 Ke8 37. c5 Rd7 38. Rc6 Rc3 39. d6 Kf7 40.
Rc8 Ke6 41. Re8+ Kf7 42. Rxe5 Kf6 43. Red5 g4 44. Rxh5 gxf3+ 45. gxf3 Ke6 46.
Rd3 Rc2+ 47. Ke3 a5 48. Kd4 Ra2 49. Rh6+ Kf5 50. c6 1-0

[Event "VII Festival Magistrale"]
[Site "Marostica ITA"]
[Date "1997.09.??"]
[Round "5"]
[White "Ricca, Roberto"]
[Black "Astengo, Marcello"]
[Result "1-0"]
[WhiteElo "2145"]
[BlackElo "2040"]
[PlyCount "97"]
[EventDate "1997.09.07"]

1. f4 g6 2. Nf3 Bg7 3. e4 c6 4. d3 d6 5. g3 Nh6 6. Bg2 Nd7 7. c3 Rb8 8. O-O b5
9. Qe2 O-O 10. h3 Qa5 11. g4 Kh8 12. Qf2 Nc5 13. b4 Nxd3 14. bxa5 Nxf2 15. Rxf2
b4 16. Bb2 bxc3 17. Bxc3 Rxb1+ 18. Rxb1 Bxc3 19. Rc2 Bxa5 20. Rxc6 Bb6+ 21. Kh2
Bb7 22. Rc4 f5 23. exf5 gxf5 24. g5 Nf7 25. h4 Be4 26. Re1 d5 27. Rc6 Nd6 28.
Ne5 d4 29. Nd7 Rd8 30. Rxd6 exd6 31. Bxe4 Rxd7 32. Bd3 Rc7 33. h5 Rc3 34. h6
Kg8 35. Bxf5 d3 36. g6 hxg6 37. Bxg6 Rc2+ 38. Kh3 Re2 39. Rc1 Bc5 40. Rd1 d2
41. Kg4 Bb4 42. Kg5 Re3 43. Bh5 Ra3 44. Bg4 d5 45. Be6+ Kh8 46. Kf6 Bc3+ 47.
Kf7 Rxa2 48. Rg1 Ra4 49. Bf5 1-0

[Event "VII Festival Magistrale"]
[Site "Marostica ITA"]
[Date "1997.09.??"]
[Round "5"]
[White "Rosino, Antonio"]
[Black "Lapiccirella, Mattia"]
[Result "0-1"]
[WhiteElo "2265"]
[BlackElo "1930"]
[PlyCount "98"]
[EventDate "1997.09.07"]

1. e4 c5 2. c3 d5 3. exd5 Qxd5 4. d4 Nf6 5. Nf3 Bg4 6. Be2 e6 7. h3 Bh5 8. Na3
Nc6 9. O-O Be7 10. Be3 cxd4 11. Nb5 Qd8 12. Nbxd4 Nxd4 13. Bxd4 O-O 14. Qb3 Qc8
15. Rae1 Nd5 16. g4 Bg6 17. Ne5 Nf4 18. Bf3 Qc7 19. Nxg6 Nxg6 20. Qxb7 Qxb7 21.
Bxb7 Rab8 22. Be4 Rxb2 23. a4 Bf6 24. Bxa7 Bxc3 25. Rc1 Nf4 26. Kh2 Be5 27. Rb1
Re2 28. Bc6 Rc8 29. Rfd1 h5 30. Bb5 Ra2 31. Rb3 hxg4 32. hxg4 g5 33. Kg1 Kg7
34. Re3 Bf6 35. Rf3 Rh8 36. Bb6 Nh3+ 37. Kf1 Nf4 38. Kg1 Nh3+ 39. Kg2 Nf4+ 40.
Rxf4 gxf4 41. a5 Ra3 42. Bc6 Be5 43. Bf3 f5 44. gxf5 exf5 45. Bb7 Rh6 46. Rb1
f3+ 47. Kg1 Rg6+ 48. Kf1 Bh2 49. Bd4+ Kh7 0-1

[Event "VII Festival Magistrale"]
[Site "Marostica ITA"]
[Date "1997.09.??"]
[Round "5"]
[White "Rossi, Carlo"]
[Black "Safranska, Anda"]
[Result "0-1"]
[WhiteElo "2355"]
[BlackElo "2270"]
[PlyCount "92"]
[EventDate "1997.09.07"]

1. e4 Nf6 2. d3 e5 3. Nf3 d6 4. c3 g6 5. Be2 Bg7 6. O-O O-O 7. b4 a5 8. b5 Nbd7
9. Re1 Nc5 10. Qc2 Bd7 11. Na3 h6 12. Rb1 b6 13. Bf1 Bg4 14. Nd2 Nh5 15. h3 Bd7
16. Nac4 Ne6 17. Nf3 f5 18. d4 fxe4 19. Qxe4 Nef4 20. Bxf4 Nxf4 21. Ne3 d5 22.
Qc2 e4 23. Nh2 Qg5 24. Kh1 Rae8 25. Rbd1 Nd3 26. Bxd3 exd3 27. Qxd3 Rxf2 28.
Neg4 Rxe1+ 29. Rxe1 Bxg4 30. Nxg4 Rxa2 31. Qf3 Qf5 32. Qe3 Kh7 33. Qe7 h5 34.
Ne5 Qf2 35. Rg1 Re2 36. Kh2 Qf4+ 37. Kh1 Qg3 38. Qxc7 a4 39. Qa7 a3 40. Nf3 a2
41. h4 Kh6 42. Qa8 Rf2 43. Qxd5 Bf6 44. Qa8 a1=Q 45. Qxa1 Rxf3 46. Qc1+ Kg7 0-1

[Event "VII Festival Magistrale"]
[Site "Marostica ITA"]
[Date "1997.09.??"]
[Round "5"]
[White "Scavo, Fernando"]
[Black "Quinn, Mark Peter"]
[Result "0-1"]
[WhiteElo "2185"]
[BlackElo "2375"]
[PlyCount "82"]
[EventDate "1997.09.07"]

1. e4 c5 2. c3 g6 3. d4 cxd4 4. cxd4 d5 5. e5 Nc6 6. Nc3 h5 7. Be3 Nh6 8. Qb3
Nf5 9. Qxd5 Be6 10. Qb5 Nfxd4 11. Bxd4 Qxd4 12. Nf3 Qb6 13. Ng5 Qxb5 14. Nxb5
O-O-O 15. Nxe6 fxe6 16. Bc4 Nxe5 17. Bxe6+ Kb8 18. O-O Bg7 19. Rad1 Nd3 20. b3
a6 21. Na3 b5 22. g3 Rd6 23. Bh3 Rhd8 24. Bg2 Nb4 25. Rxd6 Rxd6 26. Re1 Bb2 27.
Nb1 Nxa2 28. Bf3 Bf6 29. Kg2 Nb4 30. Be4 g5 31. Rc1 Nd3 32. Rc6 Rxc6 33. Bxc6
Kc7 34. Be8 h4 35. gxh4 gxh4 36. Bf7 Kd6 37. Nd2 Ke5 38. Kf3 Kd4 39. Bg8 Nc5
40. Kg4 Kc3 41. Nf3 Nxb3 0-1

[Event "VII Festival Magistrale"]
[Site "Marostica ITA"]
[Date "1997.09.??"]
[Round "5"]
[White "Ventura, Boris"]
[Black "Ferraro, Francesco"]
[Result "1/2-1/2"]
[WhiteElo "2125"]
[BlackElo "2060"]
[PlyCount "85"]
[EventDate "1997.09.07"]

1. e4 e5 2. Nc3 Nf6 3. g3 b6 4. Bg2 Bb7 5. Nge2 g6 6. d3 Bg7 7. f4 d6 8. h3 h5
9. Be3 Nbd7 10. O-O Bh6 11. Qd2 Qe7 12. Nb5 Qd8 13. fxe5 Bxe3+ 14. Qxe3 dxe5
15. Qg5 a6 16. Rxf6 axb5 17. Raf1 Nxf6 18. Qxe5+ Qe7 19. Qd4 Qc5 20. Rxf6 Qxd4+
21. Nxd4 Ke7 22. Rf2 Rxa2 23. b4 Rb2 24. c3 Rxf2 25. Kxf2 c6 26. e5 Rc8 27. Ke3
Ba8 28. Be4 c5 29. Nxb5 Bxe4 30. Kxe4 cxb4 31. cxb4 Rc1 32. Nd6 Rb1 33. Nc8+
Ke6 34. Nxb6 Rxb4+ 35. Nc4 Rb1 36. h4 Re1+ 37. Kf4 Kd5 38. Ne3+ Kc5 39. Ke4 Rg1
40. d4+ Kc6 41. Kf3 Kd7 42. Kf4 Ke7 43. Kf3 1/2-1/2

[Event "VII Festival Magistrale"]
[Site "Marostica ITA"]
[Date "1997.09.??"]
[Round "5"]
[White "Vincenzi, Riccardo"]
[Black "Perezzani, Stefano"]
[Result "0-1"]
[WhiteElo "1900"]
[BlackElo "1974"]
[PlyCount "80"]
[EventDate "1997.09.07"]

1. c4 Nf6 2. Nc3 d5 3. cxd5 Nxd5 4. e4 Nxc3 5. bxc3 g6 6. d4 Bg7 7. Be3 O-O 8.
Nf3 c5 9. Rc1 cxd4 10. cxd4 Nc6 11. Qd2 Bg4 12. d5 Bxf3 13. gxf3 Ne5 14. Be2
Rc8 15. f4 Rxc1+ 16. Qxc1 Nd7 17. O-O Qa5 18. Qb1 b6 19. Qb5 Qxb5 20. Bxb5 Nf6
21. f3 Rc8 22. Bc6 Bh6 23. Bc1 Nh5 24. Ba3 Kf8 25. f5 Bf4 26. fxg6 hxg6 27. Re1
Be5 28. Kg2 Nf4+ 29. Kg1 Nd3 30. Rd1 Nf4 31. Rd2 Bd4+ 32. Kh1 Be5 33. h4 f6 34.
Kg1 Kf7 35. Bc1 Rh8 36. Rc2 Bd4+ 37. Kh2 Rxh4+ 38. Kg3 g5 39. Rh2 Nd3 40. Bd2
Be5+ 0-1

[Event "VII Festival Magistrale"]
[Site "Marostica ITA"]
[Date "1997.09.??"]
[Round "6"]
[White "Alberton, Roberto"]
[Black "Passerotti, Pierluigi"]
[Result "0-1"]
[WhiteElo "2190"]
[BlackElo "2310"]
[PlyCount "42"]
[EventDate "1997.09.07"]

1. f4 d6 2. e4 Nf6 3. Nc3 g6 4. d4 Bg7 5. Nf3 O-O 6. Bd3 Na6 7. O-O c5 8. d5
Nc7 9. Re1 a6 10. a4 b6 11. Bc4 Bb7 12. Ra3 Rb8 13. Rb3 Ba8 14. Qd3 e6 15. dxe6
fxe6 16. Rd1 d5 17. Qe2 Qc8 18. exd5 exd5 19. Nxd5 Nfxd5 20. Rbd3 Rd8 21. c3 b5
0-1

[Event "VII Festival Magistrale"]
[Site "Marostica ITA"]
[Date "1997.09.11"]
[Round "6"]
[White "Astengo, Marcello"]
[Black "Ciolac, Gheorghe"]
[Result "0-1"]
[WhiteElo "2040"]
[BlackElo "2385"]
[PlyCount "66"]
[EventDate "1997.09.07"]

1. d4 Nf6 2. c4 e6 3. Nc3 d5 4. Bg5 Be7 5. e3 Nbd7 6. Nf3 O-O 7. Bd3 dxc4 8.
Bxc4 a6 9. O-O b5 10. Bd3 c5 11. Rc1 Bb7 12. Bb1 Rc8 13. Ne5 cxd4 14. exd4 b4
15. Ne2 Rxc1 16. Bxc1 Qa5 17. Nc4 Qb5 18. Bd3 Be4 19. Ng3 Bxd3 20. Qxd3 Rc8 21.
Ne5 Nxe5 22. Qxb5 Nf3+ 23. gxf3 axb5 24. Bf4 Nd5 25. Rc1 Ra8 26. Bd2 f5 27. Kg2
Kf7 28. Rc2 Rxa2 29. Bc1 b3 30. Rc8 Ra4 31. Ne2 Rc4 32. Rxc4 bxc4 33. Kf1 Bb4
0-1

[Event "VII Festival Magistrale"]
[Site "Marostica ITA"]
[Date "1997.09.11"]
[Round "6"]
[White "Bracaglia, Carlo"]
[Black "Pegoraro, Nicola"]
[Result "1-0"]
[WhiteElo "2080"]
[BlackElo "2115"]
[PlyCount "115"]
[EventDate "1997.09.07"]

1. e4 c5 2. Nf3 d6 3. d4 cxd4 4. Nxd4 Nf6 5. Nc3 a6 6. Bc4 e6 7. Bb3 Nbd7 8. f4
Nc5 9. O-O Nxb3 10. axb3 Qc7 11. Kh1 Be7 12. e5 dxe5 13. Ndb5 Qb8 14. fxe5 axb5
15. Rxa8 Qxa8 16. exf6 gxf6 17. Qg4 b6 18. Qg7 Rf8 19. Bh6 b4 20. Nb5 Qe4 21.
Qg3 Qe5 22. Nc7+ Kd8 23. Bf4 Qe2 24. Re1 Qxc2 25. Rc1 Qe2 26. Bh6 Qe5 27. Bf4
Qe2 28. Na8 e5 29. Bh6 Bb7 30. Bxf8 Bxf8 31. Nxb6 Qxb2 32. Rf1 Qe2 33. Ra1 Bc5
34. Nc4 Ke7 35. h3 Qe4 36. Re1 Qg6 37. Qxg6 fxg6 38. Ra1 Kd7 39. Rd1+ Ke6 40.
Kh2 f5 41. Rd8 Be7 42. Rb8 Bc6 43. Kg1 f4 44. Kf1 g5 45. Rb6 Kd5 46. Nxe5 Be8
47. Nc4 Bg6 48. Ke2 Bc2 49. Rb5+ Ke6 50. Nd2 Kd7 51. Kf3 Kc6 52. Re5 Kd6 53.
Ra5 Bd1+ 54. Ke4 h5 55. Kd4 Ke6 56. Re5+ Kf7 57. Kd3 Bf6 58. Re1 1-0

[Event "VII Festival Magistrale"]
[Site "Marostica ITA"]
[Date "1997.09.11"]
[Round "6"]
[White "Danieli, Enrico"]
[Black "Scavo, Fernando"]
[Result "0-1"]
[WhiteElo "1963"]
[BlackElo "2185"]
[PlyCount "66"]
[EventDate "1997.09.07"]

1. Nf3 Nf6 2. d4 e6 3. e3 b6 4. Bd3 Bb7 5. O-O c5 6. b3 Be7 7. Bb2 O-O 8. c4
cxd4 9. exd4 d5 10. Nc3 Nc6 11. Qe2 Nb4 12. Bb1 dxc4 13. bxc4 Re8 14. Rd1 Bf8
15. a3 Nc6 16. Ne4 Na5 17. Nxf6+ Qxf6 18. Ne5 Qg5 19. g3 f5 20. Ba2 Rac8 21.
Rac1 Ba6 22. Qd2 Qxd2 23. Rxd2 Bd6 24. Rdc2 Bxe5 25. dxe5 Nb7 26. Rd2 Red8 27.
Rcd1 Rxd2 28. Rxd2 Bxc4 29. Bxc4 Rxc4 30. Kf1 Nc5 31. Ke2 Kf7 32. f3 Ke7 33.
Bd4 Nb3 0-1

[Event "VII Festival Magistrale"]
[Site "Marostica ITA"]
[Date "1997.09.11"]
[Round "6"]
[White "De Vita, Gianni"]
[Black "Carli, Carlo"]
[Result "1/2-1/2"]
[WhiteElo "2155"]
[BlackElo "2003"]
[PlyCount "126"]
[EventDate "1997.09.07"]

1. e4 g6 2. d4 Bg7 3. Nc3 d6 4. Nf3 Nf6 5. Be2 O-O 6. O-O c6 7. a4 Qc7 8. h3 e5
9. Re1 Re8 10. Bf1 Nbd7 11. dxe5 dxe5 12. Be3 Nf8 13. Qe2 Be6 14. Red1 b6 15.
Rd2 Rad8 16. Rad1 Rd7 17. Rxd7 N8xd7 18. Qd2 Nc5 19. Ng5 Bf8 20. b4 Nb7 21. Rb1
Nd6 22. Nxe6 Rxe6 23. f3 Nb7 24. Bc4 Rd6 25. Qe1 Qd7 26. Ne2 Nd8 27. c3 Ne6 28.
Bb3 h5 29. Rd1 Rxd1 30. Qxd1 Qxd1+ 31. Bxd1 c5 32. b5 Ne8 33. Nc1 Nd6 34. Be2
Kh7 35. Nb3 Bh6 36. Kf2 h4 37. a5 Bxe3+ 38. Kxe3 Nf4 39. axb6 axb6 40. Bf1 f6
41. Nc1 Kg7 42. Na2 c4 43. Kf2 Kf8 44. g3 hxg3+ 45. Kxg3 Nd3 46. Bxd3 cxd3 47.
Kf2 Nxb5 48. Ke3 Ke7 49. Kxd3 Kd6 50. Nb4 Nc7 51. c4 Ne6 52. Nd5 Ng5 53. f4
Nxh3 54. fxe5+ Kxe5 55. Nxb6 g5 56. Nd7+ Ke6 57. Nb6 g4 58. Ke3 Kd6 59. Nd5 Kc5
60. Nxf6 Kxc4 61. Nxg4 Ng5 62. e5 Kd5 63. Kf4 Nf7 1/2-1/2

[Event "VII Festival Magistrale"]
[Site "Marostica ITA"]
[Date "1997.09.??"]
[Round "6"]
[White "Drei, Andrea"]
[Black "Belotti, Bruno"]
[Result "1-0"]
[WhiteElo "2345"]
[BlackElo "2410"]
[PlyCount "57"]
[EventDate "1997.09.07"]

1. e4 c5 2. Nf3 e6 3. d4 cxd4 4. Nxd4 Nf6 5. Nc3 d6 6. g4 Nc6 7. g5 Nd7 8. Bg2
Be7 9. f4 Nxd4 10. Qxd4 e5 11. Qf2 exf4 12. Bxf4 Ne5 13. h4 Be6 14. O-O-O Qa5
15. Kb1 O-O 16. Nd5 Bd8 17. Qg3 Rc8 18. Bxe5 dxe5 19. Qxe5 Qc5 20. c3 Re8 21.
h5 Qf8 22. Qf4 Rc4 23. h6 Bxd5 24. hxg7 Qxg7 25. Rxd5 Bc7 26. Qf5 Qg6 27. Rd7
Re5 28. Qf1 Rc6 29. Rh6 1-0